000
00231 a2200097 4500
001
2839
100
_a
Cousin, J.W.
245
_a
Biographical Dictionery of english literature
260
_a
_b
M. Dent & sons
_c
090
_c
2134
_d
2134
942
_a
NUST-CAE
_c
M
_c
12603
999
_c
237912
_d
237912